Better buildings, better design, better education (Record no. 107040)

MARC details
000 -LEADER
fixed length control field 01089cad a22002175a 4500
001 - CONTROL NUMBER
control field L138174
008 - FIXED-LENGTH DATA ELEMENTS--GENERAL INFORMATION
fixed length control field 070521s2007 xxko f f000 0 eng d
020 ## - INTERNATIONAL STANDARD BOOK NUMBER
International Standard Book Number 9781844789405
035 ## - SYSTEM CONTROL NUMBER
System control number (Sirsi) u138174
041 0# - LANGUAGE CODE
Language code of text/sound track or separate title eng
050 04 - LIBRARY OF CONGRESS CALL NUMBER
Classification number 727.2 $2 18
110 1# - MAIN ENTRY--CORPORATE NAME
Corporate name or jurisdiction name as entry element United Kingdom
Subordinate unit Department for Education and Skills
9 (RLIN) 5006
245 00 - TITLE STATEMENT
Title Better buildings, better design, better education
Remainder of title a report on capital investment in education
Medium [electronic resource]
260 ## - PUBLICATION, DISTRIBUTION, ETC.
Place of publication, distribution, etc. [S.l.]
Name of publisher, distributor, etc. DfES
Date of publication, distribution, etc. 2007
520 ## - SUMMARY, ETC.
Summary, etc. Looks at the impact of £31bn of investment in school buildings over the last decade. Reveals that 1 106 new schools, 27 000 new or improved classrooms and 1 260 new children?s centres have been built in the last 10 years and that there has been as much school building in the last five years as the previous 25. Includes case studies.
590 ## - LOCAL NOTE (RLIN)
Local note KA
651 #4 - SUBJECT ADDED ENTRY--GEOGRAPHIC NAME
Geographic name England
Chronological subdivision 886-
690 ## - LOCAL SUBJECT ADDED ENTRY--TOPICAL TERM (OCLC, RLIN)
Topical term or geographic name as entry element BUILT ENVIRONMENT-CONSTRUCTION DESIGN
856 40 - ELECTRONIC LOCATION AND ACCESS
Uniform Resource Identifier <a href="https://www.teachernet.gov.uk/docbank/index.cfm?id=11412">https://www.teachernet.gov.uk/docbank/index.cfm?id=11412</a>
Public note View the report free of charge at www.teachernet.gov.uk...
942 ## - ADDED ENTRY ELEMENTS (KOHA)
Suppress in OPAC 0
Holdings
Withdrawn status Lost status Source of classification or shelving scheme Damaged status Not for loan Home library Current library Shelving location Date acquired Total Checkouts Full call number Barcode Date last seen Copy number Price effective from Koha item type
    Dewey Decimal Classification     Virtual Virtual Online 21/05/2007   ONLINE PUBLICATION 138174-2001 06/08/2019 1 06/08/2019 Book